| 000 | 00349nam a22001337a 4500 | ||
|---|---|---|---|
| 041 | _aENG | ||
| 100 | _aJoseph.G | ||
| 245 | _aSchaum's Outline Of Theory And Problems Of Operations Management | ||
| 250 | _aSecond ED | ||
| 260 |
_aDelhi _bTata Mcgraw -Hill _c1995 |
||
| 300 | _a429 | ||
| 650 | _aCompetitlve Exam | ||
| 856 | _uCompetitlve Exam ( 36 ) | ||
| 999 |
_c926 _d926 |
||